| 000 | 00658nam a2200253 a 4500 | ||
|---|---|---|---|
| 999 |
_c4791 _d4791 |
||
| 001 | 4791 | ||
| 003 | BD-JhCC | ||
| 005 | 20171203173528.0 | ||
| 008 | 171203s1978 ii a|||| ||a| 001 0 eng d | ||
| 020 | _a8121908140 | ||
| 035 | _a(BD-JhCC)4791 | ||
| 040 |
_aBD-JhCC _dBD-JhCC |
||
| 041 | _aeng | ||
| 082 |
_a636.0896075 _bVER 1978 |
||
| 100 | _aVerma, P.S. | ||
| 245 |
_aCytology / _cP.S. Verma; V.K. Agarwal |
||
| 260 |
_aNew Delhi : _bS. Chand & Company Ltd, _c1978. |
||
| 300 |
_a567 p. : _c22 cm. |
||
| 650 | _aCytology | ||
| 650 | _aVeterinary Cytology | ||
| 700 |
_aAgarwal V.K. _qP.S. Verma; V.K. Agarwal |
||
| 942 |
_2ddc _cBK |
||